000 00307 a2200109 4500
090 _c3978
_d3978
100 _aLeland L. Beck
245 _aSystem Soft Ware
_bAn Introduction to Systems Programming
250 _a3rd Ed
260 _aPearson Education Asia
_bMassachustts
_c1999
942 _aNBS
_cBK
_k005.412 BEC
999 _c346438
_d346438